Języki urzędowe państw Świata - Statystyki

Ogólne statystyki
  • Ten quiz został rozwiązany 20 razy
    19 od ostatniego zresetowania
  • Średni wynik to 234 z 304
Statystyki odpowiedzi
Państwo Język % Poprawnych
Antigua i Barbuda | Australia | Bahamy | +53 others Angielski
100%
Algieria | Arabia Saudyjska | Bahrajn | +21 others Arabski
100%
Białoruś Białoruski
100%
Bułgaria Bułgarski
100%
Bośnia i Hercegowina | Chorwacja Chorwacki
100%
Czechy Czeski
100%
Dania Duński
100%
Estonia Estoński
100%
Belgia | Benin | Burundi | +26 others Francuski
100%
Cypr | Grecja Grecki
100%
Argentyna | Boliwia | Chile | +17 others Hiszpański
100%
Japonia Japoński
100%
Korea Południowa | Korea Północna Koreański
100%
Litwa Litewski
100%
Łotwa Łotewski
100%
Chiny | Singapur | Tajwan Mandaryński
100%
Austria | Belgia | Liechtenstein | +3 others Niemiecki
100%
Norwegia Norweski
100%
Polska Polski
100%
Białoruś | Kazachstan | Kirgistan | +2 others Rosyjski
100%
Mołdawia | Rumunia Rumuński
100%
Albania | Macedonia Albański
94%
Finlandia Fiński
94%
Izrael Hebrajski
94%
Islandia Islandzki
94%
Belgia | Holandia | Surinam Niderlandzki
94%
Armenia Ormiański
94%
Angola | Brazylia | Gwinea Bissau | +6 others Portugalski
94%
Tajlandia Tajski
94%
Cypr | Turcja Turecki
94%
San Marino | Szwajcaria | Watykan | Włochy Włoski
94%
Gruzja Gruziński
88%
Irlandia Irlandzki
88%
Macedonia Macedoński
88%
Mongolia Mongolski
88%
Bośnia i Hercegowina | Serbia Serbski
88%
Słowacja Słowacki
88%
Słowenia Słoweński
88%
Ukraina Ukraiński
88%
Wietnam Wietnamski
88%
Bośnia i Hercegowina Bosniacki
82%
Indie Hindi
82%
Fidżi Hindi Fidżyjskie
82%
Kazachstan Kazachski
82%
Luksemburg Luksemburski
82%
Finlandia | Szwecja Szwedzki
82%
Tadżykistan Tadżycki (Perski)
82%
Węgry Węgierski
82%
Czarnogóra Czarnogórski
76%
Afganistan Dari (Perski)
76%
Indonezja Indonezyjski(Malajski)
76%
Nepal Nepalski
76%
Bangladesz | Indie Bengalski
71%
Filipiny Filipiński (Tagalski)
71%
Andora Kataloński
71%
Iran Perski
71%
Uzbekistan Uzbecki
71%
Kirgistan Kirgiski
65%
Azerbejdżan Azerbejdżański
59%
Brunei | Malezja | Singapur Malajski
59%
Mjanma Birmański
53%
Laos Laotański
53%
Malta Maltański
53%
Etiopia | Somalia Somalijski
53%
Południowa Afryka Afrikaans
47%
Kambodża Khmerski
47%
Irak | Syria Kurdyjski
47%
Afganistan Paszto
47%
Samoa Samoański
47%
Turkmenistan Turkmeński
47%
Malediwy Malediwski
41%
Szwajcaria Romansz
41%
Eswatini | Południowa Afryka Suazi
41%
Indie | Singapur | Sri Lanka Tamilski
41%
Tonga Tonga
41%
Tuvalu Tuwalski
41%
Indie | Pakistan Urdu
41%
Kiribati Kiribati
35%
Nowa Zelandia Maoryski
35%
Palau Palau
35%
Rwanda Rwanda
35%
Kenia | Tanzania | Uganda Suahili
35%
Etiopia Amharski
29%
Madagaskar Malgaski
29%
Indie Pendżabski
29%
Lesotho | Południowa Afryka Sotho
29%
Algieria | Maroko Tamazight
29%
Południowa Afryka Zulu
29%
Bhutan Dzongkha
24%
Indie Gudźarati
24%
Indie Kannada
24%
Boliwia | Peru Keczua
24%
Seszele Kreolski Seszelski
24%
Norwegia Lapoński
24%
Wyspy Marshalla Marszalski
24%
Sri Lanka Syngaleski
24%
Indie Telugu
24%
Botswana | Południowa Afryka Tswana
24%
Południowa Afryka Xhosa
24%
Fidżi Fidżyjski
18%
Paragwaj Guarani
18%
Komory Komoryjski
18%
Haiti Kreolski Haitański
18%
Indie Marathi
18%
Nauru Nauruański
18%
Indie Orija
18%
Timor Wschodni Tetum
18%
Erytrea | Etiopia Tigrinia
18%
Boliwia | Peru Ajmara
12%
Indie Asamski
12%
Mali Bambara
12%
Vanuatu Bislama
12%
Malawi Czewa
12%
Burkina Faso Diula
12%
Burkina Faso | Mali Fula
12%
Niger Hausa
12%
Papua-Nowa Gwinea Hiri Motu
12%
Burundi Kirundi
12%
Indie Malajalam
12%
Południowa Afryka | ZImbabwe Ndebele
12%
Etiopia Oromo
12%
Republika Środkowoafrykańska Sango
12%
Papua-Nowa Gwinea Tok Pisin
12%
Południowa Afryka Tsonga
12%
Południowa Afryka Venda
12%
Burkina Faso Mossi
6%
ZImbabwe Szona
6%
Mali Dogoński
0%
Nie znaleziono quizów pasujących do podanych kryteriów
Rozkład punktacji
Procent ludzi z każdym wynikiem
Percentyl według liczby udzielonych odpowiedzi
Twoja historia wyników
Nie rozwiązałeś tego quizu od ostatniego zresetowania